00933nam a2200277 a 45000010005000000030008000050050017000130080041000300200015000710350018000860350014001040400023001180410008001410820022001491000028001712450093001992600041002923000029003334900031003625040030003936100032004236100024004559420012004799990015004919520149005067025BD-RjUL20211208234344.0140113s1974 enk 001 0 eng d a0715366351 a(BD-RjUL)7067 a(BD-RjUL) aANLbengcANLdANL aeng04a355.352bHEI 19741 aHeathcote, T. A.92200614aThe Indian Army :bthe garrison of British imperial India, 1822-1922 /cT. A. Heathcote. aLondon :bDavid and Charles,cc1974. a215 p. :bill. ;c26 cm.0 aHistoric armies and navies aBibliography: p. 205-207.10aGreat Britain.bArmy92202010aIndia.bArmy918179 2ddccBK c7025d7025 00102ddc40718NFICaRUCLbRUCLcreadingd1976-12-18eW. Heffer and Sons.g6.50l0o355.352 HEI 1974r2014-01-13 00:00:00tC-1w2014-01-13yBK